La precarización del mercado de trabajo: análisis desde Europa y América Latina y el Caribe /

Se analizan las grandes tendencias internacionales de la evolución del empleo en la Unión Europea, América Latina y el Caribe, con especial atención en Francia y México durante el 2000-2010. Se propone que, pese a las grandes diferencias que existen en los niveles de desarrollo de dichas regiones, l...

Descrizione completa

Salvato in:
Dettagli Bibliografici
Autore principale: Boutiller, Sophie
Altri autori: Castilla-Ramos, Beatriz
Natura: testo
Soggetti:
Tags: Aggiungi Tag
Nessun Tag, puoi essere il primo ad aggiungerne!!

MARC

LEADER 00000 a a2200000 04500
001 44260
003
040
100 |a Boutiller, Sophie  
245 |a La precarización del mercado de trabajo:   |b análisis desde Europa y América Latina y el Caribe /  |c Sophie Boutiller, Beatriz Castilla-Ramos  
500 |a boutillier@univ-littoral.fr   |a cramos@uady.mx  
520 |a Se analizan las grandes tendencias internacionales de la evolución del empleo en la Unión Europea, América Latina y el Caribe, con especial atención en Francia y México durante el 2000-2010. Se propone que, pese a las grandes diferencias que existen en los niveles de desarrollo de dichas regiones, las modalidades del empleo detectadas en ellas se orientan a la precariedad del trabajo.  
590 |a RRH/MAYO2013  
650 |a 1.DESARROLLO ECONOMICO  
650 |a 2.EMPLEO  
650 |a 3.EMPLEO PRECARIO  
650 |a 4.LIBERALISMO  
650 |a 5.ESTADO  
650 |a 6.FLEXIBILIDAD LABORAL  
650 |a 7.EUROPA  
650 |a 8.AMERICA LATINA  
700 |a Castilla-Ramos, Beatriz  
773 |g volumen18, número71 ( , 2012), páginas 239-270 : tablas, gráficos  
999 |c 29349  |d 29349